| 000 | 01924nam a2200493 c 4500 | ||
|---|---|---|---|
| 003 | BLK | ||
| 005 | 20180420230109.0 | ||
| 008 | 180409b bul|||||r ||||||| ||bul|| | ||
| 010 | _aKNG00106578000 | ||
| 020 |
_a985-433-989-0 _bиздат.: Харвест |
||
| 020 |
_a985-13-0065-9 _bиздат.: Харвест - на том(т. 1) |
||
| 040 | _aBLK | ||
| 041 |
_aRUS _cRUS |
||
| 080 |
_aОбща световна история. История на света _b930.9 _x _z930.9 |
||
| 080 |
_aСтара и антична история _b931 _x _z931 |
||
| 100 | 1 |
_aБадак, Александр Николаевич _eпърви автор _935166 |
|
| 139 |
_aВсемирная история _bВ 88 |
||
| 245 | 1 | 0 |
_aВсемирная история _bТ.1 - _cАлександр Николаевич Бадак. _nТ. 1 _pКаменный век |
| 257 |
_aBYE _aRUS |
||
| 260 |
_аМинск; Москва _bХарвест _bАСТ _c2000 - _fМинск : ПК им. Я. Коласа |
||
| 300 | _c21 см | ||
| 380 | _a9 | ||
| 650 | 4 |
_aИстория, световна _9261939 |
|
| 650 | 4 |
_aДревен свят - история _9243364 |
|
| 653 | _aсветовна история | ||
| 653 | _aкаменна ера | ||
| 653 | _aЕвропа | ||
| 653 | _aАзия | ||
| 653 | _aАфрика | ||
| 653 | _aАмерика | ||
| 653 | _aАвстралия | ||
| 653 | _aДревен Египет | ||
| 653 | _aШумер | ||
| 653 | _aДилмун | ||
| 653 | _aДревна Индия | ||
| 653 | _aДревен Китай | ||
| 653 | _aдревни цивилизации | ||
| 760 | 1 |
_3- на том(т. 1) _aБадак, Александр Николаевич _dХарвест, 2002 _h528 с. _n5 000 тир. _tТ. 1 Каменный век |
|
| 852 | _aЦб 215111 | ||
| 856 | 4 |
_qpdf _u |
|
| 856 | 4 |
_qpdf _u |
|
| 942 |
_cKNG _n0 |
||
| 944 |
_aCR _c01.01.2002 _kЛюдмила_Стоянова |
||
| 944 |
_aED _c24.06.2003 _k |
||
| 999 |
_c101528 _d101528 |
||